|
|
|
|
| LEADER |
00000naa2a2200000 4500 |
| 001 |
192269 |
| 005 |
20260114134902.0 |
| 035 |
|
|
|a (RuTPU)RU\TPU\book\209655
|
| 090 |
|
|
|a 192269
|
| 100 |
|
|
|a 20110221d2010 k y0rusy50 ca
|
| 101 |
0 |
|
|a rus
|
| 102 |
|
|
|a RU
|
| 200 |
1 |
|
|a Интерпретация данных гравиметрии при прогнозно-поисковой оценке нефтегазоносности объектов
|f В. И. Исаев
|
| 320 |
|
|
|a Библиогр.: 5 назв.
|
| 461 |
|
1 |
|0 (RuTPU)RU\TPU\book\205901
|y 978-5-98298-729-7
|t Проблемы геологии и освоения недр
|o труды XIV Международного симпозиума имени академика М. А. Усова студентов и молодых ученых, посвященного 65-летию Победы советского народа над фашистской Германией в Великой Отечественной войне 1941-1945 гг., 5-9 апреля 2010 г. г. Томск
|o в 2 т.
|f Томский политехнический университет (ТПУ), Институт геологии и нефтегазового дела (ИГНД) ; под ред. В. А. Домаренко
|d 2010
|
| 463 |
|
1 |
|0 (RuTPU)RU\TPU\book\205106
|y 978-5-98298-730-3
|t Т. 1
|v С. 416-421
|d 2010
|
| 610 |
1 |
|
|a нефтегазоносность
|
| 610 |
1 |
|
|a гравиметрия
|
| 610 |
1 |
|
|a прогнозно-поисковые работы
|
| 610 |
1 |
|
|a оценка
|
| 610 |
1 |
|
|a труды учёных ТПУ
|
| 700 |
|
1 |
|a Исаев
|b В. И.
|c российский геолог
|c профессор Томского политехнического университета, доктор геолого-минералогических наук
|f 1952-
|g Валерий Иванович
|3 (RuTPU)RU\TPU\pers\24786
|
| 801 |
|
1 |
|a RU
|b 63413507
|c 20110221
|
| 801 |
|
2 |
|a RU
|b 63413507
|c 20140122
|g RCR
|
| 942 |
|
|
|c BK
|